<?xml version="1.0" encoding="UTF-8"?>
<record
    xmlns:xsi="http://www.w3.org/2001/XMLSchema-instance"
    xsi:schemaLocation="http://www.loc.gov/MARC21/slim http://www.loc.gov/standards/marcxml/schema/MARC21slim.xsd"
    xmlns="http://www.loc.gov/MARC21/slim">

  <leader>00325nam a22001337a 4500</leader>
  <controlfield tag="003">SGT</controlfield>
  <datafield tag="082" ind1=" " ind2=" ">
    <subfield code="a">616.0757, H14B</subfield>
  </datafield>
  <datafield tag="100" ind1=" " ind2=" ">
    <subfield code="a">BORDOAGER, KENNETH L. </subfield>
  </datafield>
  <datafield tag="245" ind1=" " ind2=" ">
    <subfield code="a">HAND BOOK OF RADIOGRAPHIC POSITIONING AND TECHNIQUES </subfield>
  </datafield>
  <datafield tag="260" ind1=" " ind2=" ">
    <subfield code="a">INDIA </subfield>
    <subfield code="b">ELSEVIER </subfield>
    <subfield code="c">2014</subfield>
  </datafield>
  <datafield tag="300" ind1=" " ind2=" ">
    <subfield code="a">328</subfield>
  </datafield>
  <datafield tag="650" ind1=" " ind2=" ">
    <subfield code="a">RADIOLOGY </subfield>
  </datafield>
  <datafield tag="942" ind1=" " ind2=" ">
    <subfield code="2">ddc</subfield>
    <subfield code="c">BK</subfield>
    <subfield code="0">106</subfield>
  </datafield>
  <datafield tag="952" ind1=" " ind2=" ">
    <subfield code="0">0</subfield>
    <subfield code="1">0</subfield>
    <subfield code="2">ddc</subfield>
    <subfield code="4">0</subfield>
    <subfield code="7">0</subfield>
    <subfield code="8">MEDICAL</subfield>
    <subfield code="a">FM</subfield>
    <subfield code="b">FM</subfield>
    <subfield code="c">TXT</subfield>
    <subfield code="d">2016-03-14</subfield>
    <subfield code="e">AHUJA BOOK COMPANY</subfield>
    <subfield code="g">625.00</subfield>
    <subfield code="i">SGTU</subfield>
    <subfield code="l">43</subfield>
    <subfield code="o">616.0757, H14B</subfield>
    <subfield code="p">FM7386</subfield>
    <subfield code="r">2026-05-01 00:00:00</subfield>
    <subfield code="s">2026-04-17</subfield>
    <subfield code="w">2015-08-14</subfield>
    <subfield code="y">BK</subfield>
    <subfield code="k">5978</subfield>
  </datafield>
  <datafield tag="952" ind1=" " ind2=" ">
    <subfield code="0">0</subfield>
    <subfield code="1">0</subfield>
    <subfield code="2">ddc</subfield>
    <subfield code="4">0</subfield>
    <subfield code="7">0</subfield>
    <subfield code="8">MEDICAL</subfield>
    <subfield code="a">FM</subfield>
    <subfield code="b">FM</subfield>
    <subfield code="c">TXT</subfield>
    <subfield code="d">2016-03-14</subfield>
    <subfield code="e">AHUJA BOOK COMPANY</subfield>
    <subfield code="g">625.00</subfield>
    <subfield code="i">SGTU</subfield>
    <subfield code="l">41</subfield>
    <subfield code="m">2</subfield>
    <subfield code="o">616.0757, H14B</subfield>
    <subfield code="p">FM7387</subfield>
    <subfield code="q">2026-03-02</subfield>
    <subfield code="r">2026-02-16 00:00:00</subfield>
    <subfield code="s">2026-02-16</subfield>
    <subfield code="w">2015-08-14</subfield>
    <subfield code="y">BK</subfield>
    <subfield code="k">5978</subfield>
  </datafield>
  <datafield tag="952" ind1=" " ind2=" ">
    <subfield code="0">0</subfield>
    <subfield code="1">0</subfield>
    <subfield code="2">ddc</subfield>
    <subfield code="4">0</subfield>
    <subfield code="7">0</subfield>
    <subfield code="8">MEDICAL</subfield>
    <subfield code="a">FM</subfield>
    <subfield code="b">FM</subfield>
    <subfield code="c">TXT</subfield>
    <subfield code="d">2016-03-14</subfield>
    <subfield code="e">AHUJA BOOK COMPANY</subfield>
    <subfield code="g">625.00</subfield>
    <subfield code="i">SGTU</subfield>
    <subfield code="l">54</subfield>
    <subfield code="m">1</subfield>
    <subfield code="o">616.0757, H14B</subfield>
    <subfield code="p">FM7388</subfield>
    <subfield code="r">2026-05-01 00:00:00</subfield>
    <subfield code="s">2026-03-05</subfield>
    <subfield code="w">2015-08-14</subfield>
    <subfield code="y">BK</subfield>
    <subfield code="k">5978</subfield>
  </datafield>
  <datafield tag="952" ind1=" " ind2=" ">
    <subfield code="0">0</subfield>
    <subfield code="1">0</subfield>
    <subfield code="2">ddc</subfield>
    <subfield code="4">0</subfield>
    <subfield code="7">0</subfield>
    <subfield code="8">MEDICAL</subfield>
    <subfield code="a">FM</subfield>
    <subfield code="b">FM</subfield>
    <subfield code="c">TXT</subfield>
    <subfield code="d">2016-03-14</subfield>
    <subfield code="e">AHUJA BOOK COMPANY</subfield>
    <subfield code="g">625.00</subfield>
    <subfield code="i">SGTU</subfield>
    <subfield code="l">40</subfield>
    <subfield code="m">1</subfield>
    <subfield code="o">616.0757, H14B</subfield>
    <subfield code="p">FM7389</subfield>
    <subfield code="r">2026-05-01 00:00:00</subfield>
    <subfield code="s">2026-04-17</subfield>
    <subfield code="w">2015-08-14</subfield>
    <subfield code="y">BK</subfield>
    <subfield code="k">5978</subfield>
  </datafield>
  <datafield tag="999" ind1=" " ind2=" ">
    <subfield code="c">8387</subfield>
    <subfield code="d">8387</subfield>
  </datafield>
</record>
